000 00523nam a2200181Ia 4500
008 100917s9999 xx 000 0 und d
082 _b4248
100 _aहसमनीस द. का.
245 _aक्षप्रिेची पहाट
260 _b---
_c1954
300 _a244
365 _b1.85
520 _aकादंबरी
630 _aक्षप्रिेची पहाट
650 _aकादंबरी
730 _aक्षप्रिेची पहाट
942 _cBOOK
999 _c609642
_d609639